Sprichwörter und Redewendungen aus der Tierwelt und ihre Übersetzungen diplomová práca

Gespeichert in:
Bibliographische Detailangaben
1. Verfasser: Mézešová, Veronika
Körperschaft: Fakulta aplikovaných jazykov EU v Bratislave. Katedra jazykovedy a translatológie
Weitere Verfasser: Seresová, Katarína, 1967-
Format: Buch
Sprache:Deutsch
Veröffentlicht: Bratislava 2014
Tags: Tag hinzufügen
Keine Tags, Fügen Sie das erste Tag hinzu!

MARC

LEADER 00000nbm a2200000 4500
001 0191195
005 20161228083140.1
041 0 |a ger 
044 |a SK 
245 1 0 |a Sprichwörter und Redewendungen aus der Tierwelt und ihre Übersetzungen  |b diplomová práca  |c Veronika Mézešová ; školiteľ: Katarína Seresová 
264 1 |a Bratislava  |c 2014 
300 |a 64 s. 
100 1 |a Mézešová, Veronika 
700 1 |a Seresová, Katarína, 1967- 
710 2 |a Fakulta aplikovaných jazykov EU v Bratislave. Katedra jazykovedy a translatológie